000 00658nam a2200241Ia 4500
003 OSt
005 20220918200445.0
006 a|||||r|||| 00| 0
007 ta
008 220917b |||||||| |||| 00| 0 eng d
024 _a88,914
037 _cTextual
040 _aARTS
_cARTS
_beng
041 _2eng
_aeng
082 _aU42, H7,H71
100 _aIsaac Julius
_994189
245 0 _aEconomics of migration etc
260 _c1947
490 _aInternational liberary of sociology adn social reconstruction ed by Karl mannheim; 20
650 _aGEOGRAPHY
942 _hU42, H7,H71
_cTEXL
_2CC
999 _c212584
_d212584